| 000 | 00597nam a2200181 a 4500 | ||
|---|---|---|---|
| 008 | 120416s2000 ||||||||||||||||| || u | ||
| 020 | _a0201702355 | ||
| 050 | _aQH 345 Mat | ||
| 100 | _aMathews, Christopher K | ||
| 245 | 1 | 0 | _aBiochemistry. (3rd ed.) |
| 250 | _a3rd ed. | ||
| 260 |
_aSan Francisco _bAddison-Wesley _c2000 |
||
| 300 | _axxviii, 1186p. : ill. | ||
| 350 | _a0.00 | ||
| 650 | _aBIOCHEMISTRY | ||
| 700 | _aAhern, Kevin G | ||
| 995 |
_D0.00 _FCBU-MAIN LIBRARY (Kitwe) _H1 _I45.00 _M1 _UAVAILABLE _ZMain Library Open Access Collection |
||
| 999 |
_c35863 _d35863 |
||